LDR 00728naa#a2200181#i#450# 001 EN\\bibl\19492 005 20260516081818.6 100 ## _a20260515b2026####ek#y0engy0150####ca 102 ## _aRU 200 1# _aTHE STUDY OF TECHNOLOGICAL GROWING SCHEMES FOR CLONALLY PROPAGATED PLANTS OF ASPEN HIGHLY PRODUCTIVE FORMS _eConference article/thesis 210 1# _aVoronezh _cFSBE Institution of Higher Education Voronezh State University of Forestry and Technologies named after G.F. Morozov _d2026 215 ## _a7 с. 608 ## _aConference article/thesis _2local 675 ## _aЛесное хозяйство. Лесоводство. 630 _z 700 #1 _aKulagin _gD. V. 700 #1 _aOsipenko _gN. V. 700 #1 _aOstrikova _gM. Ya. 856 4# _abibl.vgltu.ru _u